| 000 | 00471nam a2200145 i 4500 | ||
|---|---|---|---|
| 001 | 90198 | ||
| 003 | ES-MaACL | ||
| 005 | 20230906180356.0 | ||
| 007 | t| | ||
| 008 | 050119s1922 ddr ||||1| ger d | ||
| 100 | 1 |
_aLeder, J. _971134 |
|
| 245 | 1 | 4 |
_aDie offensive des kapitals und die einheitsfront des proletorians / _cJ. Ledder. |
| 260 |
_aHamburg : _bVerlag der Kommunistischen Internationale Auslieferengstelle für Deutschland, _c1922. |
||
| 852 |
_aES-MaACL _j1633-F-12 |
||
| 999 |
_c90198 _d90198 |
||